000 00579nam a22002297a 4500
003 UA-OsUOA
001 93886
007 ta
008 20130129b un ||||| |||| 00| 0 ukr d
100 _aВаупшасов С.
090 _a821.161.1
_bВ21
942 _cBK
040 _aUA-OsUOA
_brus
_cUA-OsUOA
_dUA-OsUOA
245 _aНа тревожных перекрестках
_bзаписки чекиста
300 _a510 с.
955 _a3
041 _arus
080 _a821.161.1
260 _aМ.
_bПолитиздат
_c1975
650 7 _2UDC
999 _c380130
_d380130